El fracaso de las organizaciones no gubernamentales (ONGs) y la necesidad de regresar al Estado (Registro nro. 30652)
[ vista simple ]
| 000 -CABECERA | |
|---|---|
| Longitud fija campo de control | 01603naa a2200385 c 4500 |
| 001 - NÚMERO DE CONTROL | |
| Número de control | 30652 |
| 003 - IDENTIFICADOR DE NÚMERO DE CONTROL | |
| Identificador del número de control | ES-MaCES |
| 005 - FECHA Y HORA DE LA ÚLTIMA TRANSACCIÓN | |
| Fecha y hora de la última transacción | 20150925134938.0 |
| 008 - CAMPO FIJO DE DESCRIPCIÓN FIJA--INFORMACIÓN GENERAL | |
| Códigos de información de longitud fija | 980929n1998 sp ||| | spa d |
| 035 ## - NÚMERO DE CONTROL DEL SISTEMA | |
| Número de control del sistema | CES19980046033v |
| 040 ## - FUENTE DE CATALOGACIÓN | |
| Centro catalogador de origen | ES-MaCES |
| Lengua de catalogación | spa |
| Centro transcriptor | ES-MaCES |
| 100 1# - ENCABEZAMIENTO PRINCIPAL--NOMBRE PERSONAL | |
| Nombre de persona | Zaidi, S. Akbar |
| 9 (RLIN) | 26491 |
| 245 13 - MENCIÓN DE TÍTULO | |
| Título | El fracaso de las organizaciones no gubernamentales (ONGs) y la necesidad de regresar al Estado |
| Mención de responsabilidad, etc. | S. Akbar Zaidi ; traducción de Ana Inés López-Accotto y María Luz Morán |
| 246 3# - FORMA VARIANTE DEL TÍTULO | |
| Título propio ; Título en breve | Sociology in South Asia, heritage and perspectives |
| 246 3# - FORMA VARIANTE DEL TÍTULO | |
| Título propio ; Título en breve | NGOs failure and the need to bring back the State |
| 500 ## - NOTA GENERAL | |
| Nota general | Traducción del cap.: 'NGOs failure and the need to bring back the State', que aparece en el l. Sociology in South Asia, heritage and perspectives |
| 504 ## - NOTA DE BIBLIOGRAFÍA, ETC. | |
| Nota de bibliografía, etc. | Bibliografía: p. 84-85 |
| 650 #4 - ASIENTO SECUNDARIO DE MATERIA--TÉRMINO DE MATERIA | |
| Término de materia o nombre geográfico como elemento inicial | política de desarrollo |
| 9 (RLIN) | 27014 |
| 650 #4 - ASIENTO SECUNDARIO DE MATERIA--TÉRMINO DE MATERIA | |
| Término de materia o nombre geográfico como elemento inicial | intervención estatal |
| 9 (RLIN) | 29380 |
| 650 #4 - ASIENTO SECUNDARIO DE MATERIA--TÉRMINO DE MATERIA | |
| Término de materia o nombre geográfico como elemento inicial | Estado |
| 9 (RLIN) | 27203 |
| 650 #4 - ASIENTO SECUNDARIO DE MATERIA--TÉRMINO DE MATERIA | |
| Término de materia o nombre geográfico como elemento inicial | fracaso |
| 9 (RLIN) | 27451 |
| 650 #4 - ASIENTO SECUNDARIO DE MATERIA--TÉRMINO DE MATERIA | |
| Término de materia o nombre geográfico como elemento inicial | donación |
| 9 (RLIN) | 26650 |
| 650 #4 - ASIENTO SECUNDARIO DE MATERIA--TÉRMINO DE MATERIA | |
| Término de materia o nombre geográfico como elemento inicial | financiación de la ayuda |
| 9 (RLIN) | 26648 |
| 650 #4 - ASIENTO SECUNDARIO DE MATERIA--TÉRMINO DE MATERIA | |
| Término de materia o nombre geográfico como elemento inicial | organización voluntaria |
| 9 (RLIN) | 27314 |
| 650 #4 - ASIENTO SECUNDARIO DE MATERIA--TÉRMINO DE MATERIA | |
| Término de materia o nombre geográfico como elemento inicial | organización sin fines de lucro |
| 9 (RLIN) | 27312 |
| 650 #4 - ASIENTO SECUNDARIO DE MATERIA--TÉRMINO DE MATERIA | |
| Término de materia o nombre geográfico como elemento inicial | organización no gubernamental |
| 9 (RLIN) | 26702 |
| 653 10 - TÉRMINO DE INDEXACIÓN--NO CONTROLADO | |
| Término no controlado | Asuntos Sociales |
| 650 #4 - ASIENTO SECUNDARIO DE MATERIA--TÉRMINO DE MATERIA | |
| 9 (RLIN) | 29234 |
| Término de materia o nombre geográfico como elemento inicial | desarrollo económico y social |
| 700 1# - ENCABEZAMIENTO SECUNDARIO--NOMBRE PERSONAL | |
| Nombre de persona | Morán, María Luz |
| Término indicativo de función | tr. |
| 9 (RLIN) | 19026 |
| 700 1# - ENCABEZAMIENTO SECUNDARIO--NOMBRE PERSONAL | |
| Nombre de persona | López-Accotto, Ana Inés |
| Término indicativo de función | tr. |
| 9 (RLIN) | 16819 |
| 773 0# - ENTRADA DE DOCUMENTO FUENTE | |
| Título | Zona abierta |
| Parte(s) relacionada(s) | Madrid. - N. 82-83 (1998) ; p. 75-85 |
| Número de control del registro relacionado | (ES-MaCES)25717 |
| 902 ## - CES. TIPO DE DOCUMENTO | |
| Tipodoc (006$c Sirtex) | ART Artículo de revista |
| 942 ## - ELEMENTOS KOHA | |
| Fuente de clasificaión o esquema | Clasificación propia del CES |
| Koha [por defecto] tipo de item | Artículos (1982-2017) |
| Parte de clasificación | 3.3. |
No hay ítems disponibles.
